000 00270nam a22001217a 4500
008 171102b xxu||||| |||| 00| 0 eng d
041 _aeng
080 _26TH
_a 339.138
100 _a60
101 _aMAR
245 _aSERVICES MARKETING
_cLOVELOCK,CH
942 _2udc
_cBK
999 _c37340
_d37340